000
00274nam a22001097a 4500
008
230704b xxu||||| |||| 00| 0 eng d
082
_a
342.41
_b
HAR 1986
245
_a
Public Law and Politics
260
_a
London
_b
Sweet & Maxwell
_c
1986
300
_a
XIV,255p
942
_2
ddc
_c
BK
999
_c
3615
_d
3615